Statistics for Mathematics Multiple Choice #1

Click here to take the quiz!

General Stats

  • This quiz has been taken 184 times
  • The average score is 8 of 15

Answer Stats

QuestionAnswer% Correct
What is the value of
2 + 4 + 6 + 8 + 10 + 12 + 14 + 16/1 + 2 + 3 + 4 + 5 + 6 + 7 + 8
?
2
77%
A download is 84% complete. What fraction is yet to be downloaded?
4/25
72%
What is the value of 312 x 7 - 7 x 213?693
68%
Which of the following statements is false?1234 is a multiple of 4
66%
Which of the following is not a multiple of 45?665
65%
What is the value of
1/25
+ 0.25?
0.29
65%
A distance of 8 km is approximately 5 miles.
Which of the following is closest to 17.5 miles?
28 km
58%
Which of the following is closest to the value 1?
5/5 +
5/5
56%
In a group of 48 children, the ratio of boys to girls is 3 : 5.
How many boys must join the group to make the ratio of boys to girls 5 : 3?
32
50%
You are given a certain number. The difference between
1/3
of that number and
1/4
of the same number is 3. What is the number given?
36
49%
Which of the following is equal to the number of seconds in one thousandth of one minute?0.06
48%
It has just turned 22:22 on a 24 hour clock. How many minutes until all 4 digits are the same again?98
46%
In the musical Rent, a song starts "Five hundred and twenty five thousand six hundred minutes".
Which of the following is closest to this length of time?
a year
44%
What are the solutions to the equation x3 - 2x2 - 5x + 6?1, -2 and 3
41%
What is the smallest prime number that is the sum of three different prime numbers?19
14%

Score Distribution

Percentile by Number Answered

Percent of People with Each Score

Your Score History

You have not taken this quiz